The Pharmacological Basis of Therapeutics/ (Record no. 18663)

MARC details
000 -LEADER
fixed length control field 00610nam a22001817a 4500
008 - FIXED-LENGTH DATA ELEMENTS--GENERAL INFORMATION
fixed length control field 201210b xxu||||| |||| 00| 0 eng d
040 ## - CATALOGING SOURCE
Original cataloging agency KABU
Transcribing agency KABU
050 ## - LIBRARY OF CONGRESS CALL NUMBER
Classification number RM 300
Item number .G66 1970 C.1
245 ## - TITLE STATEMENT
Title The Pharmacological Basis of Therapeutics/
Remainder of title A textbook of pharmacology, Toxicology and Therapeutics for Physicians and medical studies
Statement of responsibility, etc. Louis S. Goodman and Alfred Gilman (ed).
250 ## - EDITION STATEMENT
Edition statement 4th ed.
260 ## - PUBLICATION, DISTRIBUTION, ETC. (IMPRINT)
Place of publication, distribution, etc. London:
Name of publisher, distributor, etc. MaCmillan,
Date of publication, distribution, etc. 1970
300 ## - PHYSICAL DESCRIPTION
Extent xx, 1794p.
650 ## - SUBJECT ADDED ENTRY--TOPICAL TERM
Topical term or geographic name as entry element Pharmacology
650 ## - SUBJECT ADDED ENTRY--TOPICAL TERM
Topical term or geographic name as entry element therapeutics
700 ## - ADDED ENTRY--PERSONAL NAME
Personal name Goodman, S. Louis
700 ## - ADDED ENTRY--PERSONAL NAME
Personal name Gilman, Alfred
942 ## - ADDED ENTRY ELEMENTS (KOHA)
Source of classification or shelving scheme Library of Congress Classification
Koha item type General Collection
Holdings
Withdrawn status Lost status Source of classification or shelving scheme Not for loan Home library Current library Date acquired Inventory number Total Checkouts Full call number Barcode Date last seen Copy number Price effective from Koha item type
    Library of Congress Classification   Kabarak, Main Campus Kabarak, Main Campus 10/12/2020 2019/0681   RM 300 .G66 1970 C.1 028196 10/12/2020 C. 1 10/12/2020 General Collection
Designed with assistance from East African Informatics Ltd